Sports Quiz

Random Sports or Hockey Quiz

NHL Arenas Quiz Stats

 Plays Quiz Updated Apr 5, 2019

Score 0/31 Timer 05:00
1 Play Today
Team Arena % Correct
New York RangersMadison Square Garden
83.1%
Detroit Red WingsLittle Caesars Arena
71.5%
Los Angeles KingsStaples Center
67.4%
Colorado AvalanchePepsi Center
65.9%
Montreal CanadiensBell Centre
62.8%
Anaheim DucksHonda Center
62.5%
Boston BruinsTD Garden
60.2%
Toronto Maple LeafsScotiabank Arena
58.1%
Chicago BlackhawksUnited Center
56.6%
Calgary FlamesScotia Bank Saddledome
55.7%
Vegas Golden KnightsT-Mobile Arena
52.7%
Pittsburgh PenguinsPPG Paints Arena
52.1%
Washington CapitalsCapital One Arena
51.4%
Philadelphia FlyersWells Fargo Center
49.3%
San Jose SharksSAP Center at San Jose
48.2%
New York IslandersBarclays Center
48%
Team Arena % Correct
Vancouver CanucksRogers Arena
47.7%
New Jersey DevilsPrudential Center
46.1%
Dallas StarsAmerican Airlines Center
45.5%
Buffalo SabresKeyBank Center
40.7%
Edmonton OilersRogers Place
39.6%
Carolina HurricanesPNC Arena
36.6%
Ottawa SenatorsCanadian Tire Centre
35.2%
Minnesota WildXcel Energy Center
34.2%
Arizona CoyotesGila River Arena
34.2%
Tampa Bay LightningAmalie Arena
34%
Columbus Blue JacketsNationwide Arena
31.2%
Winnipeg JetsMTS Centre
30.2%
Nashville PredatorsBridgestone Arena
26.4%
St. Louis BluesScottrade Center
23.2%
Florida PanthersBB&T Center
18.7%

You're not logged in!

Compare scores with friends on all Sporcle quizzes.
OR
Log In

Sporcle TV

Today on Sporcle TV


Watch our educational content, quiz creation guides, and fun videos on Sporcle TV.

Show Comments

Extras

Top Quizzes Today


Score Distribution

Your Account Isn't Verified!

In order to create a playlist on Sporcle, you need to verify the email address you used during registration. Go to your Sporcle Settings to finish the process.

Report this User

Report this user for behavior that violates our Community Guidelines.

Details: